Science Quiz

Random Science or Astronomy Quiz

Which Is Bigger: Astronomy Quiz Stats

Quiz Updated Sep 24, 2015

Also try: Map of the Moon
Challenge
Share
Tweet
Embed
Score 0/20 Timer 04:00
3 Plays Today
Choices: Which Is Bigger? % Correct
????
96.4%
????
89.8%
????
85.3%
????
83%
????
80.8%
????
78.8%
????
69.1%
????
67.5%
????
64.8%
????
64.1%
Choices: Which Is Bigger? % Correct
????
61.6%
????
61.3%
????
60%
????
55.2%
????
54.1%
????
53.3%
????
51.8%
????
51.1%
????
44.7%
????
43.4%

You're not logged in!

Compare scores with friends on all Sporcle quizzes.
Join for Free
OR
Log In

You Might Also Like...

Show Comments

Extras

Top Quizzes Today


Score Distribution

Your Account Isn't Verified!

In order to create a playlist on Sporcle, you need to verify the email address you used during registration. Go to your Sporcle Settings to finish the process.

Report this User

Report this user for behavior that violates our Community Guidelines.

Details: